<?xml version="1.0" encoding="UTF-8"?>
<collection xmlns="http://www.loc.gov/MARC21/slim">
 <record>
  <leader>01308nam a2200217 a 4500</leader>
  <controlfield tag="001">1/32676</controlfield>
  <controlfield tag="008">070525s2001    gr       i    00010 gre d</controlfield>
  <datafield tag="020" ind1=" " ind2=" ">
   <subfield code="a">9603870919</subfield>
  </datafield>
  <datafield tag="035" ind1=" " ind2=" ">
   <subfield code="l">35056</subfield>
  </datafield>
  <datafield tag="040" ind1=" " ind2=" ">
   <subfield code="a">GR-PeUP</subfield>
  </datafield>
  <datafield tag="082" ind1="0" ind2="0">
   <subfield code="a">658.8'4 FIO ΜΤΦ</subfield>
  </datafield>
  <datafield tag="100" ind1="1" ind2=" ">
   <subfield code="a">Fiore, Frank,</subfield>
   <subfield code="d">1946-</subfield>
  </datafield>
  <datafield tag="245" ind1="1" ind2="0">
   <subfield code="a">E-Μάρκετινγκ :</subfield>
   <subfield code="b">επιχειρηματικές εφαρμογές του μάρκετινγκ στο Διαδίκτυο /</subfield>
   <subfield code="c">Frank Fiore ; απόδοση Αγγελική Κλάδη.</subfield>
  </datafield>
  <datafield tag="260" ind1="0" ind2=" ">
   <subfield code="a">Αθήνα :</subfield>
   <subfield code="b">Γκιούρδας,</subfield>
   <subfield code="c">2001.</subfield>
  </datafield>
  <datafield tag="500" ind1=" " ind2=" ">
   <subfield code="a">Τίτλος πρωτοτύπου : e-Marketing strategies.</subfield>
  </datafield>
  <datafield tag="500" ind1=" " ind2=" ">
   <subfield code="a">Περιέχει ευρετήριο.</subfield>
  </datafield>
  <datafield tag="520" ind1="0" ind2=" ">
   <subfield code="a">Όλα όσα πρέπει να ξέρετε για την προώθηση πωλήσεων μέσω του ηλεκτρονικού εμπορίου. Πως να πωλείτε οτιδήποτε, οπουδήποτε, με οποιονδήποτε τρόπο, οποιαδήποτε στιγμή και σε οποιαδήποτε τιμή.</subfield>
  </datafield>
  <datafield tag="650" ind1=" " ind2="4">
   <subfield code="a">Ηλεκτρονικό εμπόριο.</subfield>
  </datafield>
  <datafield tag="650" ind1=" " ind2="4">
   <subfield code="a">Μάρκετινγκ.</subfield>
  </datafield>
  <datafield tag="700" ind1="1" ind2=" ">
   <subfield code="a">Κλάδη, Αγγελική.</subfield>
  </datafield>
  <datafield tag="852" ind1=" " ind2=" ">
   <subfield code="a">INST</subfield>
   <subfield code="b">UNIPILB</subfield>
   <subfield code="c">MAIN</subfield>
   <subfield code="e">20070525</subfield>
   <subfield code="h">658.8'4 FIO ΜΤΦ</subfield>
   <subfield code="p">00152872</subfield>
   <subfield code="q">00152872</subfield>
   <subfield code="t">LOAN</subfield>
   <subfield code="y">0</subfield>
   <subfield code="4">1</subfield>
  </datafield>
 </record>
</collection>
